Diez obras de fin de siglo

Bewaard in:
Bibliografische gegevens
Hoofdauteur: Griffero Sánchez, Ramón (Auteur)
Formaat: Boek
Taal:Spaans
Gepubliceerd in: Frontera Sur 2010
Editie:2a. ed
Onderwerpen:
Tags: Voeg label toe
Geen labels, Wees de eerste die dit record labelt!

MARC

LEADER 00000cam a2200000 a 4500
001 UCG9615
003 CL-VaPUC
008 120323e20100000CL |||||||||||||||||spa|d
020 |a 9789562995474 
082 0 4 |a Ch862  |b GRI  |2 21 
100 0 |a Griffero Sánchez, Ramón  |e author  |9 473353 
245 1 0 |a Diez obras de fin de siglo 
250 |a 2a. ed 
300 |a 312 p 
942 |c BK 
945 |d 20120323 00:00:00  |a dcastane 
260 |b Frontera Sur  |c 2010 
650 0 |a Teatro chileno  |9 266701 
650 0 |a Literatura chilena   |9 308278 
583 |a last modification  |c 20120330 12:02:16  |k Rodrigo Vera 
999 |c 347161  |d 347159